Bowl History - Cotton Bowl Classic - Statistics

General Stats
  • This quiz has been taken 582 times
    455 since last reset
  • The average score is 65 of 83
Answer Stats
Year Winner % Correct
2003 Texas
95%
1999 Texas
95%
1982 Texas
95%
1973 Texas
95%
1970 Texas
95%
1969 Texas
95%
1964 Texas
95%
1962 Texas
95%
1953 Texas
95%
1946 Texas
95%
1943 Texas
95%
1944 Texas or Randolph Field (tie)
95%
Dec. 31, 2015 Alabama
94%
2006 Alabama
94%
1981 Alabama
94%
1942 Alabama
94%
2002 Oklahoma
92%
1947 LSU or Arkansas (tie)
90%
1984 Georgia
89%
Dec. 31, 1966 Georgia
89%
1995 USC
88%
2011 LSU
87%
Jan. 1, 1966 LSU
87%
1963 LSU
87%
Dec. 29, 2017 Ohio State
87%
1987 Ohio State
87%
1948 SMU or Penn State (tie)
86%
1992 Florida State
85%
1959 TCU or Air Force (tie)
85%
Jan.1, 2015 Michigan State
84%
1957 TCU
84%
1937 TCU
84%
Dec. 29, 2018 Clemson
83%
1940 Clemson
83%
1991 Miami (FL)
83%
2012 Arkansas
82%
2000 Arkansas
82%
1976 Arkansas
82%
1965 Arkansas
82%
1975 Penn State
82%
1972 Penn State
82%
2007 Auburn
81%
1974 Nebraska
81%
2013 Texas A&M
81%
1988 Texas A&M
81%
1986 Texas A&M
81%
1968 Texas A&M
81%
1941 Texas A&M
81%
2010 Mississippi
80%
2009 Mississippi
80%
2004 Mississippi
80%
1956 Mississippi
80%
1994 Notre Dame
79%
1993 Notre Dame
79%
1979 Notre Dame
79%
1978 Notre Dame
79%
1971 Notre Dame
79%
1998 UCLA
79%
1989 UCLA
79%
2014 Missouri
77%
2008 Missouri
77%
2005 Tennessee
76%
1990 Tennessee
76%
1951 Tennessee
76%
1955 Georgia Tech
75%
2001 Kansas State
71%
2017 Wisconsin
71%
1996 Colorado
69%
1952 Kentucky
68%
1983 SMU
68%
1949 SMU
68%
1980 Houston
61%
1977 Houston
61%
1960 Syracuse
61%
1958 Navy
60%
1997 BYU
59%
1961 Duke
52%
1954 Rice
52%
1950 Rice
52%
1938 Rice
52%
1985 Boston College
44%
1945 Oklahoma A&M
17%
1939 Saint Mary's (CA)
16%
No matching quizzes found
Score Distribution
Percent of People with Each Score
Percentile by Number Answered
Your Score History
You have not taken this quiz since the last reset